000 00986nam a22001697a 4500
999 _c63770
_d63770
003 Ge_BSU
005 20260112171307.0
008 260112s1968 ge ||||| |||| 00| 0 geo d
041 _ageo
080 _a911.3:33(479.22) ს-91
245 _aსუბტროპიკული რაიონების ეკონომიურ-გეოგრაფიული ნარკვევი :
_bსამეგრელო /
_c ვახუშტის სახ. გეოგრ. ინ-ტი.
264 _aთბილისი :
_bმეცნიერება,
_c1968.
300 _a175 გვ. ;
_b21 სმ.
653 _aსამეგრელოს ეკონომიური გეოგრაფია
710 _aსაქაქრთველოს სსრ. მეცნიერებათა აკადემია
_bვახუშტის სახ. გეოგრაფიის ინსტიტუტი.
_926648
942 _2udc
_cᲬᲘᲒᲜᲘ